00371nam a2200145Ia 4500003000400000008004100004040001600045082001700061100002100078245005000099260002000149650001500169650001900184650002200203GCL140319s9999 xx 000 0 eng d aGCL / cGCL04aCHb843bB B1 aBOTTET, BEATRICE10aLA BELLE AU BOIS DORMANT / cBOTTET, BEATRICE a[S.N] : bHEMMA04aLITERATURE04aFRENCH FICTION04aFRENCH LITERATURE